000 00621nam a2200229Ia 4500
003 OSt
005 20220926024841.0
006 a|||||r|||| 00| 0
007 ta
008 220923b |||||||| |||| 00| 0 eng d
037 _cGeneral Book
040 _aRTL
_cRTL
_beng
041 _2eng
_aeng
082 _aU22, N4
100 _aNewson Malcolm
_9286091
245 0 _aHydrology and the river environment
260 _aOxford
_bClarendon Press
_c1994
300 _axv,221p. Bib p. 199-215
_ccm.
650 _aHydrology
942 _hU22, N4
_cGB
_2CC
999 _c645692
_d645692